| 000 | 00402nam a22001217a 4500 | ||
|---|---|---|---|
| 999 |
_c2849 _d2849 |
||
| 005 | 20200924151626.0 | ||
| 008 | 200924b ||||| |||| 00| 0 eng d | ||
| 020 | _a0852285715 | ||
| 040 | _cCML | ||
| 245 |
_aThe New Encyclopedia Ready Reference. _cEncyclopedia Britannica, Inc |
||
| 260 |
_aChicago _bEncyclopedia Britannica, Inc _c1974 |
||
| 942 |
_2ddc _cBK _e15th Vol.6 _h032 _kGEN REF _mNEW |
||